LEADER 00744nam0 2200253 450 001 9911027179203321 005 20250926091209.0 010 $a978-3-98542-045-2 100 $a20250926d2023---- kmyy0itay50 ba 101 0 $aeng$ager 105 $ay 001yy 200 1 $a<> EU Green Deal and its implementation$fChristiane Trüe, Lydia Scholz 210 $aBaden - Baden$cNomos$d2023 215 $a317 p.$d21 cm 676 $a338.94 700 1$aTrue$bChristiane$01439907 701 1$aScholtz$bLydia$01849654 801 0$aIT$bUNINA$gREICAT$2UNIMARC 901 $aBK 912 $a9911027179203321 952 $aGRDDIT250A$b6206$fDECBC 959 $aDECBC 996 $aEU Green Deal and its implementation$94440124 997 $aUNINA LEADER 01844nam 22004813 450 001 9911046227603321 005 20251208110133.0 010 $a1-394-33299-8 010 $a1-394-33258-0 035 $a(MiAaPQ)EBC32430985 035 $a(Au-PeEL)EBL32430985 035 $a(CKB)43727949800041 035 $a(CaSebORM)9781394332571 035 $a(OCoLC)1554731409 035 $a(OCoLC)1555171305 035 $a(OCoLC-P)1555171305 035 $a(EXLCZ)9943727949800041 100 $a20251130d2025 uy 0 101 0 $aeng 135 $aurcnu|||||||| 181 $ctxt$2rdacontent 182 $cc$2rdamedia 183 $acr$2rdacarrier 200 10$aNavigating Technology and National Security $eThe Intersection of CFIUS, Team Telecom, AI Controls, and Other Regulations 205 $a1st ed. 210 1$aNewark :$cJohn Wiley & Sons, Incorporated,$d2025. 210 4$d©2026. 215 $a1 online resource (291 pages) 311 08$a1-394-33257-2 330 $aAn expertly written guide to the regulatory maze governing the intersection of technology and national security In Navigating Technology and National Security: The Intersection of CFIUS, Team Telecom, AI Controls, and Other Regulations, cybersecurity and technology policy researcher, consultant, and professor Justin Sherman delivers a. 606 $aNational security$xLaw and legislation$zUnited States 606 $aTechnology transfer$xLaw and legislation$zUnited States 615 0$aNational security$xLaw and legislation 615 0$aTechnology transfer$xLaw and legislation 676 $a355.0330 700 $aSherman$b Justin$01859267 801 0$bMiAaPQ 801 1$bMiAaPQ 801 2$bMiAaPQ 906 $aBOOK 912 $a9911046227603321 996 $aNavigating Technology and National Security$94462891 997 $aUNINA